[Event "Olongapo City Puregold op-B"]
[Site "Olongapo City"]
[Date "2015.11.20"]
[Round "6"]
[White "Medina, Vince Angelo"]
[Black "Cajeras, Jerich"]
[Result "0-1"]
[WhiteElo "2056"]
[BlackElo "2204"]
[PlyCount "64"]
[EventDate "2015.11.17"]
[EventType "swiss"]
[EventRounds "9"]
[EventCountry "PHI"]
[SourceTitle "EXT 2017"]
[Source "ChessBase"]
[SourceDate "2016.10.25"]
[SourceVersion "1"]
[SourceVersionDate "2016.10.25"]
[SourceQuality "1"]

1. Nf3 Nf6 2. b3 g6 3. Bb2 Bg7 4. g3 0-0 5. Bg2 d6 6. d4 Nfd7 7. 0-0 Nc6 8. c4 e5 9. dxe5 dxe5 10. Nfd2 f5 11. Na3 Nc5 12. Bd5+ Kh8 13. Nf3 Qe7 14. Bxc6 bxc6 15. b4 Rb8 16. Rb1 Ne4 17. Qa4 Rxb4 18. Qxa7 Bb7 19. Bxe5 Bxe5 20. Rxb4 Qxb4 21. Nxe5 Ra8 22. Qd4 Qc3 23. Nc2 Qxd4 24. Nxd4 c5 25. Ndf3 Nc3 26. Kg2 Nxe2 27. Rb1 Be4 28. Rb3 Nd4 29. Rc3 Rxa2 30. h4 Kg7 31. Kf1 Ra1+ 32. Ne1 Nc2 0-1

[Event "Olongapo City Puregold op-B"]
[Site "Olongapo City"]
[Date "2015.11.18"]
[Round "4"]
[White "Lim, Samson Jr"]
[Black "Cajeras, Jerich"]
[Result "0-1"]
[WhiteElo "2160"]
[BlackElo "2204"]
[PlyCount "122"]
[EventDate "2015.11.17"]
[EventType "swiss"]
[EventRounds "9"]
[EventCountry "PHI"]
[SourceTitle "EXT 2017"]
[Source "ChessBase"]
[SourceDate "2016.10.25"]
[SourceVersion "1"]
[SourceVersionDate "2016.10.25"]
[SourceQuality "1"]

1. e4 c6 2. c4 d5 3. Nc3 dxe4 4. Nxe4 e5 5. g3 Be7 6. Bg2 Nf6 7. Nxf6+ Bxf6 8. Ne2 Na6 9. 0-0 0-0 10. b3 Nc5 11. Ba3 Qa5 12. Bb2 Bf5 13. Bc3 Qb6 14. b4 Ne4 15. Qb3 Rad8 16. Rad1 Bg4 17. c5 Nxc5 18. Qc4 Bxe2 19. Qxe2 Ne6 20. a4 Nc7 21. Bxe5 Bxe5 22. Qxe5 Rfe8 23. Qb2 Rd4 24. Rb1 Red8 25. Rfd1 Ne6 26. b5 c5 27. Qc2 R8d7 28. Bh3 Qd6 29. Bxe6 fxe6 30. a5 Qd5 31. b6 a6 32. Rbc1 c4 33. Qc3 Rd6 34. Qb4 Rc6 35. Qe7 Qd7 36. Qxd7 Rxd7 37. Rc3 Rc5 38. Rdc1 Rxa5 39. Rxc4 Kf7 40. Kf1 Rad5 41. R1c2 Ke7 42. Rc7 R5d6 43. Rxd7+ Rxd7 44. Ke2 Kd8 45. Ke3 h6 46. h4 Rd6 47. Rc7 Rxb6 48. Rxg7 a5 49. g4 a4 50. Rg8+ Ke7 51. Ra8 Rb4 52. f4 b5 53. g5 hxg5 54. hxg5 Rb3+ 55. Ke4 Rb1 56. Ra7+ Kd6 57. g6 Rg1 58. g7 Rg6 59. Kd3 Kc5 60. Kc2 Kb4 61. Rd7 a3 0-1

[Event "Olongapo City Puregold op-B"]
[Site "Olongapo City"]
[Date "2015.11.17"]
[Round "1"]
[White "Cajeras, Jerich"]
[Black "Salgados, Lennon Hart"]
[Result "0-1"]
[WhiteElo "2204"]
[BlackElo "2104"]
[PlyCount "66"]
[EventDate "2015.11.17"]
[EventType "swiss"]
[EventRounds "9"]
[EventCountry "PHI"]
[SourceTitle "EXT 2017"]
[Source "ChessBase"]
[SourceDate "2016.10.25"]
[SourceVersion "1"]
[SourceVersionDate "2016.10.25"]
[SourceQuality "1"]

1. e4 d6 2. Nc3 Nf6 3. g3 g6 4. Bg2 Bg7 5. Nge2 0-0 6. 0-0 e5 7. d3 c6 8. d4 b5 9. a3 a6 10. h3 Qc7 11. Be3 Bb7 12. dxe5 dxe5 13. a4 b4 14. Nb1 c5 15. Nd2 a5 16. Qe1 Nfd7 17. c3 Nc6 18. Rc1 Qd6 19. Nc4 Qe7 20. Qd2 Ba6 21. cxb4 axb4 22. Bg5 Bf6 23. Bxf6 Nxf6 24. Rfe1 Rfd8 25. Qg5 Bxc4 26. Rxc4 Rxa4 27. Rec1 Ra5 28. f4 Rd3 29. Rf1 Nd7 30. Qg4 h5 31. Qg5 Qxg5 32. fxg5 Rd2 33. Nc1 Nb6 0-1